| 000 | 00938 a2200217 4500 | ||
|---|---|---|---|
| 999 |
_c8820 _d8820 |
||
| 020 | _a0712672966 | ||
| 050 | 0 | 0 | _aBM565 ARI 1995 |
| 100 | 1 | _aAriel, David S. | |
| 245 | 1 | 0 |
_aWhat do Jews Believe?/ _cDavid S. Ariel. |
| 264 |
_aLondon : _bRider, _c1995 |
||
| 300 | _a290 p. ; | ||
| 500 | _aincludes index | ||
| 504 | _aIncludes bibliographical references. | ||
| 650 | 0 |
_aJudaism _xEssence, genius, nature. |
|
| 650 | 0 | _aJudaism -- Doctrines. | |
| 650 | 0 | _aJudaism -- Customs and practices. | |
| 856 | 4 | 2 |
_3Contributor biographical information _uhttp://www.loc.gov/catdir/bios/random057/94003550.html |
| 856 | 4 | 2 |
_3Publisher description _uhttp://www.loc.gov/catdir/description/random0410/94003550.html |
| 942 |
_2lcc _cBK _h565 _iARI _kBM |
||